Quizzes
Events
Quiz Creation
Community
Videos
Private Events
Remove Ads
Sign In
Join for FREE
Feedback
Dark Mode
Quiz Categories
Sports
Geography
Music
Movies
Television
Just For Fun
Miscellaneous
History
Literature
Language
Science
Gaming
Entertainment
Religion
Holiday
For Kids
Quiz Lab
Recent
Popular Today
Quiz Kudos Today
Editor Picks
Curator Picks
Quizzes by...
Day
Popularity
Type
Ratings
Length
Year
Community
Subscriptions
Recent Discussions
Orange Saloon
Badges
Playlists
Quests
Create
Leaderboards
Showdown
Live 5
Trivia Bingo
Activity
Puzzle Library
Sporcle Events
Private Events
Virtual Trivia
Globe League
Become a Host
Pub Owners
SporcleCon
Opinionation
Our Games
Videos
Blog
Mobile Apps
Partnerships
Remove Ads and Go Orange
Feedback
Gaming
Video Games
Board Games
Card Games
Pokémon
Mario
Nintendo
Minecraft
Console
Toys
Legend of Zelda
Gaming
Video Games
Board Games
Card Games
Pokémon
Mario
Nintendo
Minecraft
Console
Toys
Legend of Zelda
Random Quiz
Search Sporcle
×
Quiz Lab
Quiz Lab
Gaming
Grab Bag
Type in answers that appear in a list
Type in answers that appear in a list
Classic
Best Score? Go Orange.
Guild Wars 2 Grab Bag Stats
Can you name the various facts about Guild Wars 2?
By
NUDH
8m
72 Questions
1,060 Plays
1,060 Plays
1,060 Plays
Comments
Comments
Give Quiz Kudos
Give Quiz Kudos
-
- Ratings
hide this ad
More Info
Replay
Link that replays current quiz
Next Quiz
Link to next quiz in quiz playlist
You Got
0%
They Got
Avg Score
67%
Avg Friend Score
Upgrade to see
Score Distribution
Jump to the score distribution portion of the page
Score
0/72
Timer
08:00
0
Plays Today
% Correct
Human
98.2%
Charr
97%
Norn
96.8%
Warrior
96.5%
Asura
95.6%
Sylvari
95.5%
Guardian
94.6%
Mesmer
94.6%
Ranger
94.5%
Necromancer
94.5%
Thief
94.5%
Elementalist
94.4%
Engineer
93.9%
Weaponsmith
85.4%
Sword
85.2%
Armorsmith
85.1%
Staff
81%
Greatsword
79.5%
Chef
78.9%
Dagger
78.7%
Tailor
77.7%
Longbow
77.6%
Power
76.9%
Artificer
76.8%
Shortbow
76.8%
Focus
76%
Pistol
76%
Rifle
75.1%
Jeweler
75%
Leatherworker
74.6%
Shield
74.2%
Axe
73.5%
Scepter
73.4%
Vitality
71.9%
Poison
71.8%
Huntsman
71%
% Correct
Bleed
70.4%
Precision
69.8%
Hammer
68.4%
Spear
67.2%
Mace
67%
Might
67%
Trident
65.2%
Toughness
65.1%
Torch
63%
Swiftness
63%
Warhorn
60.9%
Cripple
59.8%
Burning
59.6%
Ascalonian Catacombs
59.1%
Arah
56.3%
Twilight Arbor
54.5%
Harpoon Gun
54.1%
Regeneration
52.4%
Chill
51.6%
Citadel of Flame
50.1%
Fury
47.6%
Honor of the Waves
46.8%
Confusion
45.6%
Crucible of Eternity
45.4%
Aegis
42.7%
Blind
40.8%
Sorrow's Embrace
40.6%
Protection
40.3%
Stability
39.5%
Caudecus's Manor
39.1%
Weakness
36.6%
Fear
33.7%
Retaliation
32.5%
Immobilize
31.4%
Vigor
31%
Vulnerable
22.7%
Quiz Playlist
Details
Report
Send in Message
Add To Playlist
More Info:
Weapons include land and aquatic but do not count weapons learned from slot skills (e.g. Flamethrower)
Classic:
Type in answers that appear in a list
Quiz Source
Last Updated: Feb 16, 2017
Quiz Scoreboard
CHALLENGE
Sign Up to Join the Scoreboard
Show All
Scores
Hide
Comments
May contain spoilers
Recently Published
Decade Duel: World Leaders
by jenniferyan
History
4m
Alphabetical 'K' Countries by Flag Minefield
by ylime102
Geography
3m
Pick 6: Fruits
by JohnFran
Miscellaneous
15s
More to Explore
Quiz From the Vault
Featured Blog Post
15 Basketball Trivia Facts You Can Be March Mad About
hide this ad
You Might Also Like...
Tags
Grab Bag Quiz
Guild Wars
mmorpg
PC Games
Today's Top Quizzes in Gaming
Browse Gaming
hide this ad
Today's Top Quizzes in Grab Bag
Browse Grab Bag
Top Contributed Quizzes in Gaming
1
Pokémon Gen IV Logic Puzzle (HARD)
2
HARD Pokemon Logic Puzzle
3
Honkai: Star Rail Technique Names Quiz
4
Order Genshin Impact characters by release date!
5
Rainbow Six Siege Operators by Picture
6
Genshin Impact Logic Puzzle
7
Magic: the Gathering Set Symbols - LCI
8
Wii Remote Buttons
9
The Slinky Quiz
10
Genshin Impact Logic Puzzle Quiz
Explore More
Trending Topics
Crossword
Marvel
NBA
Kpop
Disney
Anime
Harry Potter
The Office
NFL
Song
Puzzle
WWE
Pokémon
Soccer
Country
hide this ad
More By:
NUDH
Quiz
Plays
Rating
Category
Featured
Created
Hearthstone Keyword Abilities
24,464
2.75
Gaming
Nov 20, 2013
College Hockey Division 1 Teams
3,730
5.00
Sports
Feb 28, 2010
Guild Wars 2 Grab Bag
1,060
4.20
Gaming
Sep 8, 2012
ABC Local Station Locations
212
5.00
Television
Jun 15, 2011
Go to Creator's Profile
Score Distribution
Quiz Creator Spotlight
NUDH
Follow
Send a Message
Quizzes Created
-
Created Quiz Play Count
-
More By This Creator
Popular Quizzes Today
1
Countries of Asia Without Outlines Minefield
2
Find the US States - No Outlines Minefield
3
Pick 6: Fruits
4
Alphabetical 'K' Countries by Flag Minefield
5
The Countries of the World
6
Find the Countries of Europe - No Outlines Minefield
7
Find the US States
8
US States
More Gaming Quizzes
Clickable Concentration (Redux)
Published
Trending Quizzes
Pick 6: Mountains
Pick 6: Harry Potter
Pick 6: Flags
Pick 6: NFL Teams
Pick 6: Movie Franchises
Recently Updated
Adaptations: Name the Title
pecheneg
NWSL Teams
pecheneg
Women's Final Four Teams by Year
bhenderson79
Presidents Quartet II
eogle
Anything But Clue(do)
eogle
Anything But Oceanian Capitals
eogle
Anything But 7
eogle
Anything But Thing
eogle
Word Ladder: February 29
pecheneg
Song Title Questions
pecheneg
Trending Topics
Marvel
Anime
NBA
Crossword
Disney
Harry Potter
Kpop
Pokémon
WWE
NFL
Soccer
The Office
Song
Country
Puzzle
Your Account Isn't Verified!
In order to create a playlist on Sporcle, you need to verify the email address you used during registration. Go to your
Sporcle Settings
to finish the process.
Report this User
Report this user for behavior that violates our
Community Guidelines
.
Details:
Send Report
Go to the Sporcle.com Mobile Site →
Comments